|
|
|
แสดงรายละเอียดบรรณานุกรม |
|
|
Brief Record
: Get Marc (ISO 2709)
: E-mail record
: |
|
|
| LEADER 00000nam 2200000uu 4500 | |||
| 001 54274 | |||
| 003 ULIBM | |||
| 008 230805s||||||||th 000 0 tha d | |||
| 020 ^a9786164343344 | |||
| 024 0 ^a | |||
| 082 0 ^aย^bฮ - ส 2566 | |||
| 100 0 ^aฮอดจ์สัน เบอร์เน็ต,ฟรานเชส | |||
| 245 00 ^aThe secret Garden=สวนลับปริศนา/^cฟรานเชส ฮอดจ์สัน เบอร์เน็ต | |||
| 250 ^aพิมพ์ครั้งที่ 1 | |||
| 260 ^aกรุงเทพฯ:^bแอร์โรว์,^c2566 | |||
| 300 ^a336 หน้า :^bภาพประกอบ 480 บาท | |||
| 541 ^a480 บาท | |||
| 700 0 ^aอาริตา พงศ์ธรานนท์,^eผู้แปล | |||
| 999 ^aUrai | |||
| คุณยังไม่ได้ล็อกอิน คุณสามารถมีกิจกรรมร่วมกับเว็บไซต์ได้ แต่ต้องล็อกอินก่อน :: |
|
| สถานะ | |||||||||
| 1. | หนังสือ | ย ฮ - ส 2566 Barcode: 085313 | ►นวนิยาย | On Shelf ขอยืม | |||||
| [แสดง 1/1 รายการ] | |||||||||

BibComment |
| คอมเมนท์ทรัพยากรรายการนี้ |
|
|
ห้องสมุดโรงเรียนสามัคคีวิทยาคม
159 ถ.บรรพปราการ ต.เวียง อ.เมือง จ.เชียงราย 57000
โทร. 053-711018 โทรสาร 053-713003